000 00976cam a2200325 i 4500
001 005529191
003 YEEZEN
005 20260310150731.0
008 241030s2024 ch a g b 000 0 chi d
020 _a9786263558434
_q(平裝) :
_c新臺幣450元
040 _aNPUST
_bchi
_cNPUST
_eCCR
041 0 _achi
042 _anbic
044 _ach
084 _a563
_2ncsclt
090 _a563
_b7736
100 1 _a周冠男
_e
245 1 0 _a長期買進 :
_b財金教授周冠男的42堂自制力投資課 /
_c周冠男著
246 3 0 _a財金教授周冠男的42堂自制力投資課
246 3 3 _a財金教授周冠男的四十二堂自制力投資課
250 _a第一版
260 _a臺北市 :
_b遠見天下文化,
_c2024.07
300 _a286面 :
_b圖 ;
_c21公分
490 1 _a財經企管 ;
_vBCB848.
504 _a含參考書目
650 7 _a理財
_2lcstt.
650 7 _a投資
_2lcstt.
830 0 _a財經企管 ;
_vBCB848.
942 _2ccl
_cBOOK
999 _c7698
_d7698